Statistics for Name the Places on a Risk Board

Click here to take the quiz!

General Stats

  • This quiz has been taken 13 times
  • The average score is 34 of 42

Answer Stats

answer% Correct
Argentina
100%
Brazil
100%
China
100%
Egypt
100%
Great Britain
100%
India
100%
Indonesia
100%
Japan
100%
Peru
100%
Russia
92%
Siberia
92%
South Africa
92%
Southern Europe
92%
Venezuela
92%
Central Africa
85%
Eastern Australia
85%
North Africa
85%
Northern Europe
85%
Western Australia
85%
Western Europe
85%
Alaska
77%
Central America
77%
East Africa
77%
Irkutsk
77%
Mongolia
77%
Ontario
77%
Southeast Asia
77%
Afghanistan
69%
Alberta
69%
Eastern United States
69%
Iceland
69%
Middle East
69%
New Guinea
69%
Northwest Territory
69%
Scandinavia
69%
Ural
69%
Western United States
69%
Eastern Canada
62%
Greenland
62%
Kamchatka
62%
Madagascar
62%
Yakutsk
62%

Score Distribution

Percentile by Number Answered

Percent of People with Each Score

Your Score History

You have not taken this quiz